000 00395nam a2200157Ia 4500
008 221030s9999 xx 000 0 und d
041 _aEnglish
082 _a105.23
100 _aJ. Millman
245 0 _aElectronic Devices & Circuits
_cby J. Millman, C. C. Halkias
260 _bMcGraw Hill Pub.
_aNew Delhi
_c1987
300 _a752
650 _aECE
700 _aC. C. Halkias
942 _cBK
999 _c6073
_d6073